000 00298nam a2200121Ia 4500
005 20251222141914.0
008 251222s9999||||xx |||||||||||||| ||spa||
082 _a657.42/C21
100 _aCalderón Moquillaza, José
245 0 _aContabilidad de Costos I:
264 _bJCM EDITORES
942 _cLIB
999 _c8505
_d8505